000 00326nam a2200133Ia 4500
005 20260328104315.0
008 260328s9999||||xx |||||||||||||| ||und||
100 _aHuet, Bernard
245 0 _aContemporary Houses Traditional Values /
_cBernard Huet
260 _bZamana
300 _a90 p.
650 _aTUNISIA
942 _cBK
999 _c11132
_d11132